000 00657nam a2200241 a 4500
001 BRCA_5539
005 20190320205125.0
008 280311s1941----ag-#######---#000-0#spa-#
041 _aspa
044 _aag
050 4 _aPQ7297
_b.V35 1941
100 1 _aValle Arizpe, Artemio de
_98122
245 1 0 _aCuentos del México Antiguo
_cArtemio de Valle Arizpe.
250 _a2
260 _aArgentina
_bEspasa-Calpe
_c1941
300 _a151 p.
_c18 cm.
440 0 _aColección Austral
_v53
_914134
500 _aEstado físico: tapas desprendidas
500 _aF15
651 4 _aMéxico
_xVida social y costumbres
_9769
902 _aGFM
942 _2lcc
_cB
999 _c5233
_d5233